<?xml version="1.0" encoding="UTF-8"?>
<marc:record xmlns:marc="http://www.loc.gov/MARC21/slim">
   <marc:leader>00000nam a2200000 a 4500</marc:leader>
   <marc:datafield ind1="1" ind2=" " tag="100">
      <marc:subfield code="a">Rossbacher, Claudia</marc:subfield>
      <marc:subfield code="4">aut</marc:subfield>
      <marc:subfield code="e">Verfasser/-in</marc:subfield>
   </marc:datafield>
   <marc:datafield ind1=" " ind2=" " tag="653">
      <marc:subfield code="a">?Ausseer Land</marc:subfield>
   </marc:datafield>
   <marc:datafield ind1="0" ind2="0" tag="245">
      <marc:subfield code="a">Steirertanz</marc:subfield>
   </marc:datafield>
   <marc:datafield ind1="0" ind2="0" tag="245">
      <marc:subfield code="b">Sandra Mohrs elfter Fall</marc:subfield>
   </marc:datafield>
   <marc:datafield ind1=" " ind2="1" tag="264">
      <marc:subfield code="b">Gmeiner</marc:subfield>
      <marc:subfield code="c">2021</marc:subfield>
   </marc:datafield>
   <marc:datafield ind1="1" ind2=" " tag="520">
      <marc:subfield code="a">Der neue Krimi der österreichischen Erfolgsautorin führt in die Geschäftswelt der Trachtenschneiderei und an den Grundlsee sowie nach Wien. (DR) Die Ermittlerin Sandra Mohr muss von der eigenen Geburtstagsfeier überstürzt wegfahren, weil sie zu einem Brand mit Leichenfund am Grundlsee gerufen wird. An ihrer Seite ist selbstverständlich Sascha Bergmann, der sich immer wieder ein wenig um sie bemüht. Doch das winterliche Ausseerland ist um den Jahreswechsel ohnehin abweisend genugà Die in der völlig ausgebrannten Jugendstilvilla aufgefundene Leiche entpuppt sich als eine der Zwillingsschwestern, die ein äußerst erfolgreiches Unternehmen, das hochwertige Trachtenmode in einer Manufaktur vor Ort erzeugt, leitete. Dass man als Traditionsunternehmen den riesigen Auftrag für die Modenschau beim Steirerball in Wien ergattert hat, ist manchen im Ort jedoch ein Dorn im Auge. Der Krimi unterhält mit Lokalkolorit - Trachten und Bodenspekulation sind dort tatsächlich Thema. Das Ermittlerduo ist den LeserInnen bereits vertraut und hat sich bewährt, beide Figuren entwickeln sich weiter und die Krimihandlung ist so geschickt gewählt, dass sehr lange unklar bleibt, wer nun wirklich der/die TäterIn ist. Als Fortsetzungsband unbedingt kaufen.</marc:subfield>
   </marc:datafield>
   <marc:datafield ind1=" " ind2=" " tag="020">
      <marc:subfield code="a">9783839228616</marc:subfield>
      <marc:subfield code="9">9783839228616</marc:subfield>
   </marc:datafield>
</marc:record>
